[Event "EU-ch 2nd"]
[Site "Ohrid"]
[Date "2001.06.01"]
[Round "1"]
[White "Zueger, Beat"]
[Black "Gyimesi, Zoltan"]
[Result "0-1"]
[WhiteElo "2448"]
[BlackElo "2571"]
[Annotator "Ribli,Z"]
[PlyCount "60"]
[EventDate "2001.06.01"]
[EventType "swiss"]
[EventRounds "13"]
[EventCountry "YUG"]
[SourceTitle "CBM 084"]
[Source "ChessBase"]
[SourceDate "2001.09.13"]
[SourceVersion "1"]
[SourceVersionDate "2001.09.13"]
[SourceQuality "1"]

1. c4 e5 2. g3 c6 3. d4 Bb4+ 4. Bd2 Bxd2+ 5. Qxd2 d6 {Jetzt haben wir eine für
die Bogoindische Verteidigung typische Stellung vor uns (vgl. 1.d4 Nf6 2.c4 e6
3.Nf3 Bb4+).} 6. Nc3 (6. dxe5 dxe5 7. Qxd8+ Kxd8 8. Nf3 f6 9. Nc3 Be6 10.
O-O-O+ Kc7 11. b3 Na6 12. Bg2 Nh6 13. h3 Nc5 14. Nd2 Nf5 {0-1 Toikka,
J-Salmensuu,O/Helsinki 2000/EXT 2001 (46)}) 6... Nf6 (6... Nh6 $5) 7. dxe5 {
Diese bescheidene Fortsetzung gefällt mir nicht - wenn Weiß etwas in der
Eröffnung erreichen will, muss er die Spannung im Zentrum aufrecht erhalten.} (
7. Nf3 e4 8. Ng5 d5 9. cxd5 cxd5 10. Nh3 O-O 11. Nf4 Re8 $11) (7. Bg2 $5) 7...
dxe5 8. Qxd8+ (8. Qg5 O-O 9. Qxe5 Qb6 $44) 8... Kxd8 {Schwarz hat eine bequeme
Stellung erreicht - sein König findet ein ideales Feld auf c7, und der weiße
Bg2 ist in seinem Wirkungskreis eingeschränkt} 9. Nf3 Re8 (9... Nbd7 10. Rd1
Kc7 11. Bh3 Re8 12. Ng5 Re7 13. Nge4 Nxe4 14. Nxe4 Nb6 15. Bxc8 Rxc8 16. b3 {
1/2-1/2 Csom,I-Leko,P/HUN-ch 1992/CBM 34 (28)}) 10. Bg2 (10. Ng5 Ke7 (10... Re7
) 11. Bg2 Bf5 12. O-O Nbd7 13. b4 h6 14. Nge4 Nxe4 15. Nxe4 Bxe4 16. Bxe4 Red8
17. Bg2 Nf6 18. b5 Kd6 19. Rab1 Kc5 20. bxc6 bxc6 21. f4 exf4 22. Rxf4 Rab8 {
0-1 Bany,J-Garcia Palermo,C/Polanica Zdroj 1985/MCD (47)}) (10. O-O-O+ Kc7 11.
Ng5 Re7 12. Bg2 h6 13. Nge4 Nxe4 14. Nxe4 Be6 15. b3 Na6 16. Rd2 f5 17. Nc3 Rd7
{0-1 Mednis,E-Dorfman,J/Cannes 1998/CBM 63 ext (66)}) 10... Kc7 11. O-O Bg4 {
Schwarz möchte Bxf3 spielen, denn aufgrund der kleinen Bauernkette b7-c6
bleibt der weißfeldrige Läufer wenig aktiv.} 12. Nd2 {Weiß möchte seinen
Springer auf dem Brett halten.} (12. Rac1 Bxf3 13. Bxf3 Nbd7 14. Rfd1 Rad8 {
1/2-1/2 Karlsson,L-Davies,N/Wrexham 1994/CBM 45 ext (14)}) 12... a5 $11 {
Dieser Zug ist typisch für Stellungen dieser Art - Schwarz gewinnt Raum am
Damenflügel und unterbindet weiße Aktivitäten mit b2-b4.} (12... Nbd7 $11) 13.
h3 (13. Nde4 Nxe4 (13... Nbd7 $11) 14. Bxe4 f5 15. Bg2 $11) 13... Bh5 14. c5 $6
{[%mdl 16384] Dieser optimistische Zug bedeutet einen schweren positionellen
Fehler. Weiß möchte 15.Nc4 spielen, aber sein Pc5 ist schwach. Darüber hinaus
muss Weiß weitere Schwächungen in Kauf nehmen.} (14. Nde4 Nbd7 $11 (14... Nxe4
15. Bxe4 $11)) 14... Na6 $5 {Dieser Springerzug ist noch stärker als 14...Nbd7
- Schwarz kann nun auch Rad8 spielen.} (14... Nbd7) 15. g4 {Weiß möchte den
Pc5 mit Na4 verteidigen, doch dann hängt der Pe2. Aus diesem Grund spielt er
zunächst den Textzug.} (15. Nb3 $5 Nb4) 15... Bg6 16. Na4 (16. Nb3) 16... h5 $1
$15 {Dieser starke Zug legt die weißen Schwächen am Königsflügel offen.} 17. g5
(17. gxh5 Bxh5 $15) 17... Nh7 18. h4 Rad8 19. Nb3 (19. Ne4 f6 $15) 19... Bc2
20. e3 (20. Rfc1 $5 Bxb3 (20... Nb4) 21. axb3 $15) 20... Nf8 $1 {[%cal Gf8g6,
Gg6h4,Gf8e6,Ge6c5] Schwarz verbessert die Stellung seines Springers - es droht
nun entweder 21...Ng6 oder 21...Ne6.} (20... f6 $15) 21. Rfc1 Nb4 22. Kh2 $6 (
22. Nb6 Ng6 23. Nxa5 Nxh4 $15) 22... Ng6 23. Kg3 f5 $1 {[%csl Rg3] Nach diesem
Zug ist klar, dass Weiß Probleme mit seinem König bekommen wird.} 24. gxf6 gxf6
$17 {[%cal Ge8g8,Gg8g3]} 25. Nc3 Rg8 {[%cal Gg8g3]} 26. Bh1 (26. Bf3 f5 $17)
26... Nf4+ {[%mdl 128]} (26... Ne7+ $5 27. Kh2 (27. Kh3 Bf5+) 27... Rg4 $17)
27. Kh2 Rg4 $1 {[%csl Rh2][%cal Rd8g8] Schwarz spielt auf Matt - es droht 28...
Rdg8.} (27... Nfd3 $17) 28. exf4 Rdg8 $19 29. Kh3 Bf5 (29... Nd3) 30. Be4 Rg3+
0-1

[Event "Bundesliga 0203"]
[Site "Germany"]
[Date "2003.01.11"]
[Round "8.7"]
[White "Thiede, Lars"]
[Black "Graf, Alexander"]
[Result "0-1"]
[WhiteElo "2416"]
[BlackElo "2624"]
[Annotator "Ribli,Z"]
[PlyCount "106"]
[EventDate "2002.10.19"]
[EventType "team-tourn"]
[EventRounds "15"]
[EventCountry "GER"]
[SourceTitle "CBM 093"]
[Source "ChessBase"]
[SourceDate "2003.04.01"]
[SourceVersion "1"]
[SourceVersionDate "2003.04.01"]
[SourceQuality "1"]
[WhiteTeam "Neukoelln"]
[BlackTeam "Porz"]
[WhiteTeamCountry "GER"]
[BlackTeamCountry "GER"]

1. c4 e5 2. g3 Nf6 3. Bg2 d5 4. cxd5 Nxd5 5. Nf3 Nc6 6. O-O Nb6 {Nach 6...Be7
wäre die Fortsetzung 7.d4 möglich.} 7. d3 Be7 8. Nbd2 {Das ist eine
selbstständige Variante, aber - ich glaube - die andere Springerentwicklung 8.
Nc3 bietet Weiß mehr Chancen.} O-O 9. a3 a5 {Es ist notwendig für Schwarz, den
möglichen weißen Raumgewinnzug b2-b4 zu verhindern.} (9... f5 10. b4 Bf6 11.
Bb2 $14) 10. b3 Be6 11. Bb2 f6 12. Qc2 Qd7 $5 13. e3 {[%cal Gd3d4] Weiß möchte
das Zentrum mit d3-d4 sprengen.} (13. Rfd1 Rfd8 14. Rac1 (14. Nc4 Qe8 15. Nfd2
Kh8 (15... Nd5 16. Nf3 Qf7 17. Rab1 Bf8 18. d4 exd4 19. Nxd4 Nxd4 20. Rxd4 b5
21. Nd2 c5 22. Rd3 Rac8 {0-1 Dragomarezkij,E-Morozevich,A/Alushta 1993/CBM 38 
(36)}) 16. Be4 Bd5 17. Bxd5 Nxd5 18. Nf3 Qh5 19. Ncd2 Nb6 20. Rdc1 Rd5 21. Qd1
Nd7 22. Rc4 Nf8 23. Rac1 Ne6 24. Qf1 Rad8 25. Qg2 Bc5 {0-1 Bischoff,K-Mainka,R/
Munich 1993/TD (57)}) 14... Bf8 15. Nc4 Qf7 16. Qb1 Nd5 17. d4 exd4 18. Nxd4
Nxd4 19. Rxd4 b5 20. Ne3 Nxe3 21. Bxa8 Rxa8 22. fxe3 Bxb3 23. Rh4 h6 24. Rf1
Bc4 25. Qc2 Ra6 26. a4 Bb3 27. Qd3 Bc4 28. Qc2 Bb3 29. Qd3 Bc4 30. Qc2 {
1/2-1/2 Narciso Dublan,M-Kolev,A/Badalona 2001/EXT 2002 (30)}) 13... Rfd8 (
13... Bd5 14. Rfd1 Rfd8 15. Nc4 (15. d4 exd4 16. Nxd4 Bxg2 17. Kxg2 Nxd4 18.
Bxd4 c5 19. Bc3 a4 {1/2-1/2 Dannevig,O-Tiviakov,S/Bergen 2000/CBM 77 ext (41)})
15... Qe6 16. Rac1 Bf8 17. Qe2 Qf7 18. Bf1 Be6 19. Nfd2 Nd5 20. Ne4 Rd7 21. Bg2
Rad8 22. Bf3 Nb6 23. Nc3 Nd5 24. Nb5 {1/2-1/2 Vallejo Pons,F-Tiviakov,S/Ohrid
2001/CBM 84 (49)}) (13... Bf5 14. Ne4 Rfd8 15. d4 (15. Rfd1 $1) 15... exd4 16.
Nxd4 Nxd4 17. Bxd4 Nd5 18. Qb2 Bh3 19. Bxh3 Qxh3 20. Rac1 Qe6 21. Nd2 Bd6 22.
Rfe1 Ne7 23. Nc4 Nc6 24. Nxd6 Rxd6 25. Bc3 Rad8 26. Qc2 h5 {0-1 Van Mechelen,
J-Gurevich,M/Charleroi 2001/CBM 83 ext (53)}) 14. d4 exd4 15. Nxd4 Nxd4 (15...
Bd5 16. Bxd5+ Qxd5 17. Nxc6 Qxc6 18. Qxc6 bxc6 19. Rfd1 $14 a4 $1 20. b4 c5 21.
bxc5 Bxc5 22. Rac1 (22. Ne4 $5) 22... Ra5 $1 23. Rc2 Rb5 24. Ra1 Bf8 {1/2-1/2
Chernin,A-Smejkal,J/Altensteig 1991/CBM 25/[Ribli] (32)}) 16. Bxd4 c5 {Das ist
ein zeitweiliges Bauernopfer, wonach wir ein sehr lebhaftes Figurenspiel und
einen scharfen taktischen Kampf erleben.} 17. Bxc5 (17. Bc3 $6 a4 $15) 17...
Rac8 (17... Rdc8 $6 {Dieser Zug ist schlecht, weil der Ra8 auf der Diagonalen
des Bg2 verbleibt.} 18. b4 Na4 19. Ne4 b6 20. Rfd1 Qb5 (20... Qe8 21. Nd6 Bxd6
22. Rxd6 bxc5 23. Bxa8 Rxa8 24. b5 $1 $16) 21. Nd6 Bxd6 22. Rxd6 bxc5 23. Bxa8
cxb4 24. Qe4 $18) 18. b4 Nd5 {[%mdl 4]} (18... axb4 19. axb4 Nd5 20. Qd3 Nxb4
21. Qxd7 Rxd7 22. Bxb4 Bxb4 $11 {Matamoros,C-Volzhin,A Hamburg 1999}) (18...
Na4 19. Ne4 Qb5 (19... b6 20. Rad1 Qe8 21. Bxe7 $1 $16) 20. Rfd1 Rxd1+ 21. Qxd1
Nxc5 22. Nxc5 Bxc5 23. bxc5 Rxc5 24. Qd6 Kf7 25. Bxb7 Bd5 26. Bxd5+ Rxd5 27.
Qc7+ Rd7 28. Qc2 Rd3 29. Rb1 Qd5 $36 {1/2-1/2 Valkesalmi,K-Raaste,E/Helsinki
2000/EXT 2001 (38)}) 19. Nb3 (19. Qd3 axb4 (19... b6 $5 20. Bxe7 Qxe7) 20. axb4
b6 $1 (20... Nxb4 21. Qxd7 Rxd7 22. Bxe7 Rxe7 23. Rfb1 $14) 21. Bxe7 Qxe7 {
[%csl Rb4,Gc8,Rd3,Gd5,Gd8][%cal Gd8d2] Die schwarzen Figuren stehen sehr aktiv,
so dass er den Bauern mit aktiver Stellung zurückgewinnt.} 22. Qa3 $11) (19.
Qb2 Bxc5 20. bxc5 Rxc5 $11) 19... b6 {[%csl Rc2][%cal Gc8c2] Mit diesem Motiv
gewinnt Schwarz die Figur zurueck.} (19... axb4 20. e4 (20. axb4 $2 b6 (20...
Nxb4 21. Qe4 Rxc5 22. Qxb4 (22. Nxc5 Bxc5 23. Qxb7 Qxb7 24. Bxb7 $17) 22... Rb5
$19) 21. Rfd1 (21. e4 Nxb4 $19) 21... bxc5 22. Bxd5 Bxd5 23. e4 Bxb3 24. Qxb3+
c4 25. Rxd7 cxb3 26. Rxe7 b2 $19) 20... Ne3 $1 (20... Bxc5 21. exd5 Bxd5 22.
Nxc5 Bxg2 23. Nxd7 Rxc2 24. Rfd1 $1 {[%cal Gd1d8]} (24. Kxg2 Rxd7 25. axb4 Rb2
$15) 24... Ra8 $1 (24... b3 25. Kxg2 b2 26. Rab1 Rc1 27. Nxf6+ Kf7 28. Rdxc1
bxc1=Q 29. Rxc1 Kxf6 30. Rb1 $16) 25. Kxg2 bxa3 $13) 21. fxe3 bxa3 $1 $13 {
[%csl Rc5]} (21... b6 {[%csl Rc2,Rc5]} 22. Rfd1 Qc7 23. Rxd8+ Rxd8 24. axb4 $14
)) 20. e4 Nxb4 $1 (20... bxc5 21. exd5 Bf5 (21... Bxd5 22. Rad1 $16 (22. Rfd1
$16)) 22. Qa2 $36 {[%cal Ga2g8]}) 21. axb4 axb4 $15 {[%csl Rc5][%cal Rc8c2]
Weiß hat eine Figur mehr, aber wegen der Fesselung auf der c-Linie er verliert
den Bc5.} 22. Rfd1 Qc7 23. Rxd8+ Rxd8 (23... Qxd8 $4 24. Bxe7 $18) (23... Bxd8
$2 24. Nd4 $13) 24. Bf1 Bxc5 (24... bxc5 25. Bc4 $15) 25. Rc1 Qd7 26. Bc4 $6 {
Nach meiner Meinung wäre es besser, die Stellung mit 26.Nxc5 zu vereinfachen.}
(26. Nxc5 bxc5 27. Qxc5 Qd4 $15 (27... b3 28. Bc4)) 26... Bf8 {[%csl Gf8][%cal
Gf8b4] Der Bf8 verteidigt den Pb4, was Schwarz eine dauerhafte Initiative gibt.
} 27. Nd4 Bxc4 28. Qxc4+ Qf7 29. Ne6 (29. Qxf7+ Kxf7 $17) 29... Rd6 (29... b3
$5 $17) 30. Nxf8 Rd1+ 31. Kg2 Rxc1 32. Qxc1 Kxf8 $17 {[%csl Gb4][%mdl 4096]
Schwarz hat einen weit vorgerückten Bauern mehr in diesem Endspiel, was zum
Gewinn ausreichen dürfte.} 33. Qc8+ Qe8 34. Qc4 Qe7 35. Qd5 (35. Qc8+ Kf7 36.
Qc4+ Kg6 $17) 35... b3 36. f3 (36. Qxb3 Qxe4+ 37. Kg1 Qc6 $17) 36... Qb4 37.
Qd8+ Kf7 38. Qd7+ (38. Qd5+ Ke7 39. Qb7+ Kd6 $17) 38... Qe7 (38... Kg6 39. Qf5+
) 39. Qd4 (39. Qd5+ Qe6 $17) 39... Qc5 40. Qd7+ Kg6 41. h4 h5 42. g4 hxg4 43.
fxg4 (43. Qxg4+ Kh6 $19) 43... b2 $19 {Der b2P entscheidet die Partie.} 44. Qd3
Qe5 45. Kf3 Kh7 46. h5 b5 47. Qb3 Qd4 (47... Kh6) 48. Qc2 Qe5 (48... b4 49. e5+
Kg8 50. Qc8+ Kf7 51. e6+ Ke7 $19) 49. Qb3 Kh6 50. Qb4 Qh2 51. Qxb5 Qh1+ 52. Kg3
b1=Q 53. g5+ Kxh5 0-1

[Event "Altensteig"]
[Site "Altensteig"]
[Date "1991.??.??"]
[Round "9"]
[White "Chernin, Alexander"]
[Black "Smejkal, Jan"]
[Result "1/2-1/2"]
[WhiteElo "2605"]
[BlackElo "2555"]
[Annotator "Ribli,Z"]
[PlyCount "64"]
[EventDate "1991.07.??"]
[EventType "tourn"]
[EventRounds "11"]
[EventCountry "GER"]
[EventCategory "11"]
[SourceTitle "CBM 025"]
[Source "ChessBase"]
[SourceDate "1991.12.01"]
[SourceVersion "1"]
[SourceVersionDate "1991.12.01"]
[SourceQuality "1"]

1. c4 e5 2. g3 Nf6 3. Bg2 d5 4. cxd5 Nxd5 5. Nf3 Nc6 6. O-O Nb6 7. d3 Be7 8.
Nbd2 (8. a3 a5 9. Nc3 O-O 10. Be3 Bg4 11. Rc1 Re8 {Gulko,B-Rachels,S USA-ch
1989 CBM/19}) 8... O-O 9. a3 (9. b3 Bg4 10. Bb2 f6 11. Rc1 Qd7 12. a3 Bh3 13.
b4 Bxg2 14. Kxg2 Kh8 15. Nb3 $14 {Kortschnoj,V-Lutz,C Deutschland Cup 1989 CBM/
16}) 9... a5 10. b3 Be6 11. Bb2 f6 12. Qc2 Qd7 13. e3 (13. Rac1 Rfd8 14. Rfd1
$14) 13... Rfd8 14. d4 exd4 15. Nxd4 Bd5 16. Bxd5+ Qxd5 17. Nxc6 Qxc6 18. Qxc6
bxc6 19. Rfd1 a4 $1 20. b4 c5 21. bxc5 Bxc5 22. Rac1 (22. Ne4 $5) 22... Ra5 $1
23. Rc2 Rb5 24. Ra1 Bf8 25. Ra2 Rbd5 26. Bc1 R8d7 27. Kf1 Kf7 28. Ke2 Be7 29.
Rc6 Ke8 30. Rac2 Kd8 31. Nc4 Rb5 32. Nxb6 Rxb6 1/2-1/2

[Event "FRA-chT poule haute"]
[Site "France"]
[Date "2003.05.07"]
[Round "8.1"]
[White "Pelletier, Yannick"]
[Black "Lautier, Joel"]
[Result "1/2-1/2"]
[WhiteElo "2624"]
[BlackElo "2670"]
[Annotator "Ribli,Z"]
[PlyCount "57"]
[EventDate "2003.05.07"]
[EventType "team"]
[EventRounds "4"]
[EventCountry "FRA"]
[SourceTitle "CBM 095"]
[Source "ChessBase"]
[SourceDate "2003.07.25"]
[SourceVersion "1"]
[SourceVersionDate "2003.07.25"]
[SourceQuality "1"]
[WhiteTeam "Mulhouse"]
[BlackTeam "Paris NAO"]
[WhiteTeamCountry "FRA"]
[BlackTeamCountry "FRA"]

1. c4 e5 2. g3 Nf6 3. Bg2 c6 4. d4 {Statt dieser Fortsetzung kommt auch 4.Nf3
e4 5.Nd4 d5 in Betracht.} Bb4+ (4... exd4 5. Qxd4 d5 6. Nf3) 5. Bd2 Bxd2+ 6.
Qxd2 d6 7. Nc3 {Jetzt haben wir eine Stellung, welche für die Bogoindische
Verteidigung (1.d4 Nf6 2.c4 e6 3.Nf3 Bb4+ 4.Bd2) typisch ist.} O-O 8. e3 {
Diese - auf den ersten Blick - genuegsame Fortsetzung bietet Weiss mehr
Chancen auf Eroeffnungsvorteil als die Alternative 8.e4. Nach dem Textzug wird
die Diagonale des g2-Laufers geoeffnet.} Be6 (8... Qe7 9. Nge2 Re8 10. O-O Nbd7
11. h3 Nf8 $13) 9. b3 (9. d5 cxd5 10. cxd5 Bd7 11. Nge2 Na6 (11... a5 $11 {
black has no problems}) 12. O-O b5 13. Rfc1 Qb6 14. Nd1 b4 15. b3 Nc5 16. Nb2
a5 17. Nc4 Qa6 18. f4 exf4 19. gxf4 Nfe4 20. Qd4 Rfe8 21. Ng3 Nc3 22. Bf1 {
1/2-1/2 Foisor,C-Puljek Salai,Z/Medulin 1997/EXT 99 (36)}) 9... exd4 10. Qxd4 (
10. exd4 d5 11. c5 Re8 12. Nge2 Qc8 13. O-O Bh3 14. f3 Bxg2 15. Kxg2 b6 $6 (
15... Nbd7 $5) 16. cxb6 axb6 17. Nf4 Nbd7 18. a4 Nf8 19. Rfe1 Qa6 20. Rxe8 Rxe8
21. Rc1 {1/2-1/2 Lobron,E-Huzman,A/Budapest 1996/CBM 56/[Ribli] (51)}) 10... d5
{Frueher oder später muss Schwarz so spielen, weil der d6P schlecht war.} 11.
cxd5 Nxd5 {Dieser Zug ist ganz gut, aber 11...Nxd5 kommt auch in Betracht.} (
11... cxd5 12. Nge2 Nc6 13. Qd2 Qb6 14. O-O Rad8 15. Rfd1 Ne4 $11 {Schwarz hat
isolierte Bauern auf d5, aber die weisse Figuren stehen sehr aktiv.}) 12. Nxd5
{Nach diesem Zug kann Weiss gegen den isolierten d5-Bauern spielen, aber die
Alternative 12.Nge2 scheint mir besser.} (12. Nge2 Qa5 (12... Nxc3 13. Qxc3 Na6
$5) 13. Qa4 Qxa4 14. Nxa4 Na6 15. Nd4 Rad8 16. O-O Bc8 17. Rfc1 {1-0 Ivanchuk,
V-Sutovsky,E/Moscow 2001/CBM 86 (58)}) 12... Bxd5 13. Bxd5 cxd5 14. Nf3 {
[%csl Rd5][%mdl 4] Schwarz hat isolierte Bauern auf d5, aber im folgenden
bekommt er aktives Figurenspiel.} (14. Ne2 Nc6 15. Qd2 (15. Qb2 Re8 $1 16. O-O
Ne5 17. Nd4 Qf6 18. Qe2 a6 19. Rac1 Rac8 20. Rxc8 Rxc8 21. Rd1 g6 $11 {1/2-1/2
Psakhis,L-Avrukh,B/Israel 2002/CBM 89/[Avrukh,B] (27)}) 15... Qf6 (15... Ne5
16. Nd4 Qb6 $1 17. Rd1 Qa6 18. Qe2 Qa5+ $11) 16. O-O Rfd8 17. Nd4 Nxd4 18. Qxd4
Qxd4 19. exd4 {1/2-1/2 Matamoros Franco,C-Fernandez Romero,E/Dos Hermanas 2003/
CBM95 (19)}) (14. Rd1 Nc6 15. Qxd5 Qf6 $44) 14... Nc6 15. Qb2 Qa5+ (15... Qe7
16. O-O Qe4 $11) 16. Qd2 Qb5 $11 {[%csl Gb5][%cal Gb5f1] Natuerlich tauscht
Schwarz nicht die Damen.} (16... Qxd2+ 17. Kxd2 $14) 17. Rd1 (17. Qe2 Qb4+ $11)
17... Rad8 {[%mdl 2048]} 18. Nd4 Nxd4 (18... Qa6 $11) 19. Qxd4 Rfe8 {[%csl Gd8,
Re1,Ge8]} 20. Qd3 Qa5+ (20... Qxd3 21. Rxd3 d4 22. Ke2 dxe3 $11) 21. Qd2 Qa6
22. Qe2 Qa5+ (22... Qxe2+ 23. Kxe2 d4 $11) 23. Qd2 Qa6 24. Qe2 Qb6 {Schwarz
ist nicht zufrieden mit der Zugwiederholung.} 25. Rd4 (25. O-O d4 26. e4 $11 {
Das fuehrt - mit Zugumstellung - zur Partiefortsetzung.}) 25... Rc8 (25... Qxd4
26. exd4 Rxe2+ 27. Kxe2 $11) 26. Rd1 Rcd8 27. O-O (27. Rd4 $11) 27... d4 28. e4
Qc6 29. Rfe1 1/2-1/2

[Event "New York WFW"]
[Site "New York"]
[Date "1990.??.??"]
[Round "?"]
[White "Fishbein, Alexander"]
[Black "Kotronias, Vasilios"]
[Result "1-0"]
[WhiteElo "2470"]
[BlackElo "2510"]
[Annotator "Ribli,Z"]
[PlyCount "107"]
[EventDate "1990.09.??"]
[EventType "tourn"]
[EventRounds "9"]
[EventCountry "USA"]
[EventCategory "11"]
[SourceTitle "CBM 020"]
[Source "ChessBase"]
[SourceDate "1991.02.01"]
[SourceVersion "1"]
[SourceVersionDate "1991.02.01"]
[SourceQuality "1"]

1. c4 e5 2. g3 c6 3. d4 exd4 4. Qxd4 d5 5. Bg2 Nf6 6. Nf3 Be7 (6... dxc4 7.
Qxc4 Be7 8. O-O O-O {Andersson,U-Huebner,R Skelleftea WCup 1989 CBM/14}) 7.
cxd5 cxd5 8. O-O O-O (8... Nc6 9. Qa4 Qb6 10. Nc3 O-O 11. e3 Rd8 {Suba,M-Wolff,
P London WFW 1989 CBM/13}) 9. Be3 Ng4 10. Bf4 Nc6 11. Qd3 Be6 12. Nc3 g5 $6 13.
Bc1 d4 14. Ne4 h6 15. h3 Nf6 16. Rd1 Qc8 17. Nxd4 Nxd4 18. Qxd4 Rd8 19. Qa4
Rxd1+ 20. Qxd1 Bxh3 21. Bxh3 Qxh3 22. Nxf6+ Bxf6 23. Qb3 Re8 24. Be3 b6 25. Rd1
Qg4 26. Rd6 Kg7 27. Qd3 Be5 28. Rd5 Bxg3 $2 29. Qd4+ $1 Qxd4 30. Bxd4+ Kg6 31.
fxg3 Rxe2 32. Bc3 f5 33. a4 Re6 34. Kf2 Rc6 35. Kf3 h5 36. Rd7 a6 37. Rg7+ Kh6
38. Ra7 b5 39. a5 h4 40. gxh4 gxh4 41. Rb7 Kg5 42. Bd2+ f4 43. Bxf4+ Kf5 44.
Rc7 Re6 45. Rc5+ Kg6 46. Kg4 Re2 47. Rc6+ Kf7 48. b4 Re4 49. Kf5 Rxb4 50. Rxa6
h3 51. Ra7+ Kg8 52. Ra8+ Kf7 53. a6 Ra4 54. a7 1-0